[Event "Stay Safe Play From Home 129"]
[Site "T#645801Emanuel Laske"]
[Date "2020.05.07"]
[Round "9"]
[White "Lazieri3"]
[Black "SoulofWolf"]
[Result "1-0"]
[WhiteElo "2009"]
[BlackElo "2192"]
[Annotator "NA"]
[PlyCount "101"]
[EventDate "2020.05.07"]
[EventType "swiss (blitz)"]

1. e4 {[%emt 0:00:01]} c5 {[%emt 0:00:01]} 2. Nc3 {[%emt 0:00:00]} e6 {[%emt 0:00:00]} 3. d3 {[%emt 0:00:00]} Nc6 {[%emt 0:00:00]} 4. Nf3 {[%emt 0:00:00]} g6 {[%emt 0:00:01]} 5. Bg5 {[%emt 0:00:02]} Be7 {[%emt 0:00:01]} 6. Bxe7 {[%emt 0:00:01]} Ngxe7 {[%emt 0:00:00]} 7. d4 {[%emt 0:00:01]} cxd4 {[%emt 0:00:01]} 8. Nxd4 {[%emt 0:00:00]} O-O {[%emt 0:00:01]} 9. Be2 {[%emt 0:00:02]} a6 {[%emt 0:00:00]} 10. O-O {[%emt 0:00:01]} Qb6 {[%emt 0:00:03]} 11. Nxc6 {[%emt 0:00:02]} Nxc6 {[%emt 0:00:01]} 12. b3 {[%emt 0:00:00]} Rd8 {[%emt 0:00:01]} 13. Na4 {[%emt 0:00:01]} Qc7 {[%emt 0:00:01]} 14. c4 {[%emt 0:00:01]} d6 {[%emt 0:00:00]} 15. h3 {[%emt 0:00:02]} Bd7 {[%emt 0:00:01]} 16. Bg4 {[%emt 0:00:01]} Ne7 {[%emt 0:00:01]} 17. Nc3 {[%emt 0:00:02]} f5 {[%emt 0:00:00]} 18. exf5 {[%emt 0:00:01]} exf5 {[%emt 0:00:00]} 19. Bf3 {[%emt 0:00:01]} Bc6 {[%emt 0:00:00]} 20. Nd5 {[%emt 0:00:02]} Nxd5 {[%emt 0:00:05]} 21. Bxd5+ {[%emt 0:00:00]} Bxd5 {[%emt 0:00:01]} 22. Qxd5+ {[%emt 0:00:01]} Kg7 {[%emt 0:00:00]} 23. Rfe1 {[%emt 0:00:02]} Rd7 {[%emt 0:00:00]} 24. Re6 {[%emt 0:00:02]} Rf8 {[%emt 0:00:05]} 25. Rae1 {[%emt 0:00:02]} Rff7 {[%emt 0:00:01]} 26. Qd4+ {[%emt 0:00:01]} Kh6 {[%emt 0:00:02]} 27. g4 {[%emt 0:00:04]} Qc5 {[%emt 0:00:05]} 28. Qd2+ {[%emt 0:00:09]} f4 {[%emt 0:00:01]} 29. h4 {[%emt 0:00:03]} d5 {[%emt 0:00:06]} 30. R6e5 {[%emt 0:00:05]} Qc6 {[%emt 0:00:07]} 31. g5+ {[%emt 0:00:01]} Kg7 {[%emt 0:00:01]} 32. Rxd5 {[%emt 0:00:01]} Rxd5 {[%emt 0:00:01]} 33. cxd5 {[%emt 0:00:00]} Qd6 {[%emt 0:00:01]} 34. Qd4+ {[%emt 0:00:01]} Kf8 {[%emt 0:00:00]} 35. Qe5 {[%emt 0:00:01]} Qxe5 {[%emt 0:00:01]} 36. Rxe5 {[%emt 0:00:00]} Kg7 {[%emt 0:00:02]} 37. f3 {[%emt 0:00:01]} Rd7 {[%emt 0:00:01]} 38. Kf2 {[%emt 0:00:01]} Kf7 {[%emt 0:00:00]} 39. Ke2 {[%emt 0:00:00]} b5 {[%emt 0:00:00]} 40. Kd3 {[%emt 0:00:01]} a5 {[%emt 0:00:00]} 41. Ke4 {[%emt 0:00:01]} Rc7 {[%emt 0:00:02]} 42. Kxf4 {[%emt 0:00:00]} Rc2 {[%emt 0:00:01]} 43. Re4 {[%emt 0:00:00]} Rxa2 {[%emt 0:00:01]} 44. Rd4 {[%emt 0:00:01]} Ke7 {[%emt 0:00:00]} 45. d6+ {[%emt 0:00:00]} Kd7 {[%emt 0:00:00]} 46. Ke5 {[%emt 0:00:00]} Rb2 {[%emt 0:00:00]} 47. Kd5 {[%emt 0:00:00]} a4 {[%emt 0:00:00]} 48. Re4 {[%emt 0:00:01]} a3 {[%emt 0:00:00]} 49. Re7+ {[%emt 0:00:00]} Kd8 {[%emt 0:00:01]} 50. Ra7 {[%emt 0:00:00]} Rd2+ {[%emt 0:00:00]} 51. Kc6 {[%emt 0:00:00] . ' Czas (Lag: Av=0.49s, max=1.2s)} 1-0

[Event "Stay Safe Play From Home 129"]
[Site "T#645801Emanuel Laske"]
[Date "2020.05.07"]
[Round "9"]
[White "Edmatuag"]
[Black "matanant"]
[Result "1-0"]
[WhiteElo "1619"]
[BlackElo "1663"]
[Annotator "NA"]
[PlyCount "59"]
[EventDate "2020.05.07"]
[EventType "swiss (blitz)"]

1. e4 {[%emt 0:00:02]} e5 {[%emt 0:00:02]} 2. Nc3 {[%emt 0:00:01]} Nf6 {[%emt 0:00:02]} 3. Nf3 {[%emt 0:00:00]} Nc6 {[%emt 0:00:02]} 4. d4 {[%emt 0:00:00]} d6 {[%emt 0:00:02]} 5. Bg5 {[%emt 0:00:04]} Be7 {[%emt 0:00:02]} 6. Bb5 {[%emt 0:00:02]} O-O {[%emt 0:00:05]} 7. Bxf6 {[%emt 0:00:02]} Bxf6 {[%emt 0:00:02]} 8. Nd5 {[%emt 0:00:05]} Nxd4 {[%emt 0:00:04]} 9. Nxd4 {[%emt 0:00:04]} exd4 {[%emt 0:00:02]} 10. Nxf6+ {[%emt 0:00:01]} Qxf6 {[%emt 0:00:01]} 11. O-O {[%emt 0:00:01]} c5 {[%emt 0:00:02]} 12. b3 {[%emt 0:00:02]} a6 {[%emt 0:00:01]} 13. Bd3 {[%emt 0:00:01]} b5 {[%emt 0:00:01]} 14. h3 {[%emt 0:00:02]} Re8 {[%emt 0:00:01]} 15. Re1 {[%emt 0:00:02]} Bb7 {[%emt 0:00:02]} 16. Qf3 {[%emt 0:00:02]} Qe5 {[%emt 0:00:04]} 17. g3 {[%emt 0:00:04]} Re7 {[%emt 0:00:01]} 18. Qf4 {[%emt 0:00:02]} Rae8 {[%emt 0:00:02]} 19. Qxe5 {[%emt 0:00:02]} Rxe5 {[%emt 0:00:01]} 20. Kf1 {[%emt 0:00:02]} Bxe4 {[%emt 0:00:03]} 21. Bxe4 {[%emt 0:00:08]} Rxe4 {[%emt 0:00:00]} 22. Red1 {[%emt 0:00:03]} f5 {[%emt 0:00:02]} 23. Rd2 {[%emt 0:00:01]} g5 {[%emt 0:00:02]} 24. Rad1 {[%emt 0:00:01]} f4 {[%emt 0:00:01]} 25. g4 {[%emt 0:00:02]} f3 {[%emt 0:00:02]} 26. Kg1 {[%emt 0:00:01]} Kg7 {[%emt 0:00:02]} 27. Kh2 {[%emt 0:00:01]} Kg6 {[%emt 0:00:01]} 28. Kg3 {[%emt 0:00:00]} Rf4 {[%emt 0:00:01]} 29. c3 {[%emt 0:00:00]} dxc3 {[%emt 0:00:05]} 30. Rxd6+ {[%emt 0:00:01] Time (Lag: Av=0.63s, max=0.9s)} 1-0